header

Novel ecosystems (Record no. 64888)

MARC details
000 -LEADER
fixed length control field 01713nam a2200373 a 4500
082 04 - DEWEY DECIMAL CLASSIFICATION NUMBER
Classification number 333.72
245 00 - TITLE STATEMENT
Title Novel ecosystems
260 ## - PUBLICATION, DISTRIBUTION, ETC. (IMPRINT)
Place of publication Chichester ;
-- Hoboken, N.J. :
Name of publisher Wiley-Blackwell,
Year of publication 2013.
300 ## - PHYSICAL DESCRIPTION
Number of Pages xi, 368 p. :
Other physical details col. ill.
505 0# - FORMATTED CONTENTS NOTE
Formatted contents note pt. 1. Introduction -- pt. 2. What are novel ecosystems? -- pt. 3. What we know (and don't know) about novel ecosystems -- pt. 4. When and how to intervene -- pt. 5. How do we appreciate novel ecosystems? -- pt. 6. What's next? -- pt. 7. Synthesis and conclusions.
650 #0 - SUBJECT ADDED ENTRY--TOPICAL TERM
Topical Term Ecosystem management.
Topical Term Ecosystem health.
Topical Term Ecological disturbances.
Topical Term Nature
700 1# - ADDED ENTRY--PERSONAL NAME
Personal name Hobbs, R. J.
Personal name Higgs, Eric,
Personal name Hall, Carol M.
856 40 - ELECTRONIC LOCATION AND ACCESS
Uniform Resource Identifier http://site.ebrary.com/lib/rucke/Doc?id=10657803

No items available.

© 2026 Rongo University
Contact us: librarian | system librarian | Rongo university